[Event "Montreal Mercredi 08"]
[Site "Montreal CAN"]
[Date "2017.08.30"]
[Round "1"]
[White "Leveille, Francois"]
[Black "Zheng, Richard"]
[Result "1-0"]
[WhiteElo "2307"]
[BlackElo "2053"]
[WhiteFideId "-1"]
[WhiteFideId "-1"]
[PlyCount "147"]
[GameId "2160767908347138"]
[EventDate "2017.08.30"]
[EventType "swiss"]
[EventRounds "5"]
[EventCountry "CAN"]
[SourceTitle "EXT 2022"]
[Source "ChessBase"]
[SourceDate "2021.10.06"]
[SourceVersion "1"]
[SourceVersionDate "2021.10.06"]
[SourceQuality "1"]

1. Nf3 d5 2. g3 Nf6 3. Bg2 e6 4. O-O c5 5. d4 Nc6 6. c4 Be7 7. cxd5 exd5 8. Nc3 h6 9. dxc5 Bxc5 10. Na4 Bd6 11. Be3 O-O 12. Rc1 Qe7 13. Bc5 Bxc5 14. Nxc5 b6 15. Nb3 Bb7 16. Nbd4 Nxd4 17. Nxd4 g6 18. Qa4 Ne4 19. Rfd1 Nc5 20. Qa3 a5 21. e3 Qf6 22. Nb5 Rac8 23. Qc3 Ne4 24. Qxf6 Nxf6 25. Nd6 Rxc1 26. Rxc1 Ba8 27. Nc8 b5 28. Rc5 Rd8 29. Nb6 Kg7 30. Nxa8 Rxa8 31. Rxb5 a4 32. Bxd5 Nxd5 33. Rxd5 a3 34. bxa3 Rxa3 35. Rd2 Kf6 36. h4 Ke5 37. Kf1 f5 38. Ke1 Ke4 39. Kd1 Ra8 40. Ke2 Ra3 41. f4 Rxe3+ 42. Kf2 Rf3+ 43. Kg2 Ra3 44. Re2+ Kd5 45. h5 gxh5 46. Kh3 Kd6 47. Kh4 Rf3 48. Rg2 Ke6 49. Rb2 Rf1 50. Rb6+ Kf7 51. Rxh6 Rh1+ 52. Kg5 Rh3 53. Kxf5 Rxg3 54. Rh7+ Ke8 55. Kf6 Ra3 56. Rh8+ Kd7 57. f5 Rxa2 58. Rxh5 Re2 59. Rh7+ Ke8 60. Ra7 Re1 61. Ra8+ Kd7 62. Ra6 Rf1 63. Re6 Rf2 64. Re1 Rf3 65. Kg6 Rg3+ 66. Kf7 Rf3 67. f6 Rf2 68. Kg7 Rg2+ 69. Kf8 Rf2 70. f7 Rf3 71. Rd1+ Kc6 72. Rg1 Kd7 73. Kg7 Ke7 74. Re1+ 1-0

[Event "Montreal Mercredi 08"]
[Site "Montreal CAN"]
[Date "2017.08.30"]
[Round "1"]
[White "Nardone, Raul"]
[Black "Zumsteg, Nicolas"]
[Result "0-1"]
[WhiteElo "1845"]
[BlackElo "1811"]
[WhiteFideId "-1"]
[WhiteFideId "-1"]
[PlyCount "70"]
[GameId "2160767908347139"]
[EventDate "2017.08.30"]
[EventType "swiss"]
[EventRounds "5"]
[EventCountry "CAN"]
[SourceTitle "EXT 2022"]
[Source "ChessBase"]
[SourceDate "2021.10.06"]
[SourceVersion "1"]
[SourceVersionDate "2021.10.06"]
[SourceQuality "1"]

1. d4 Nf6 2. Nf3 g6 3. Bg5 Bg7 4. e3 c5 5. c3 cxd4 6. exd4 d6 7. Bd3 O-O 8. O-O Nbd7 9. Re1 Re8 10. Bc4 b6 11. Nbd2 Bb7 12. Qb3 e6 13. Rad1 Qc7 14. Bb5 a6 15. Bxf6 Bxf6 16. Bxd7 Qxd7 17. Ne4 Be7 18. h4 b5 19. h5 gxh5 20. Qc2 f5 21. Ng3 h4 22. Nh5 h3 23. d5 Bxd5 24. Rxd5 exd5 25. Nd4 Bg5 26. Rd1 f4 27. Qf5 Qxf5 28. Nxf5 Re5 29. g4 fxg3 30. Nhxg3 Rae8 31. Rd4 R8e6 32. Rg4 Re1+ 33. Kh2 Rg6 34. f4 Bd8 35. Nh6+ Kf8 0-1

[Event "Montreal Mercredi 08"]
[Site "Montreal CAN"]
[Date "2017.08.30"]
[Round "1"]
[White "Nesterov, Timour"]
[Black "Millette, Sylvain"]
[Result "1-0"]
[WhiteElo "1898"]
[BlackElo "1821"]
[WhiteFideId "-1"]
[WhiteFideId "-1"]
[PlyCount "77"]
[GameId "2160767908347140"]
[EventDate "2017.08.30"]
[EventType "swiss"]
[EventRounds "5"]
[EventCountry "CAN"]
[SourceTitle "EXT 2022"]
[Source "ChessBase"]
[SourceDate "2021.10.06"]
[SourceVersion "1"]
[SourceVersionDate "2021.10.06"]
[SourceQuality "1"]

1. d4 Nf6 2. Nf3 g6 3. Nc3 d5 4. Bf4 c6 5. e3 Bg7 6. Be2 O-O 7. Ne5 Nbd7 8. h4 h6 9. g4 Qa5 10. Qd2 Nxe5 11. Bxe5 Nxg4 12. Bxg7 Kxg7 13. Rg1 Nf6 14. h5 Bf5 15. O-O-O b5 16. hxg6 fxg6 17. Bd3 e6 18. Kb1 b4 19. Ne2 Ne4 20. Bxe4 Bxe4 21. Nf4 Rae8 22. f3 Rxf4 23. exf4 Bxf3 24. Rde1 Be4 25. Rg3 Bf5 26. Reg1 Rf8 27. Qe1 c5 28. Qe5+ Rf6 29. Rh1 c4 30. Qe2 c3 31. Qh5 Kf7 32. Qxh6 Qa4 33. Rg2 Be4 34. Qh8 Ke7 35. Rh7+ Rf7 36. Rxf7+ Kxf7 37. Rh2 Bxc2+ 38. Rxc2 cxb2 39. Rc7+ 1-0

[Event "Montreal Mercredi 08"]
[Site "Montreal CAN"]
[Date "2017.08.30"]
[Round "1"]
[White "Vignalou, Joseph"]
[Black "Autotte, Daniel"]
[Result "1-0"]
[WhiteElo "1805"]
[BlackElo "1729"]
[WhiteFideId "-1"]
[WhiteFideId "-1"]
[PlyCount "85"]
[GameId "2160767908347141"]
[EventDate "2017.08.30"]
[EventType "swiss"]
[EventRounds "5"]
[EventCountry "CAN"]
[SourceTitle "EXT 2022"]
[Source "ChessBase"]
[SourceDate "2021.10.06"]
[SourceVersion "1"]
[SourceVersionDate "2021.10.06"]
[SourceQuality "1"]

1. e4 c6 2. Nc3 d5 3. Nf3 dxe4 4. Nxe4 Nd7 5. d4 Ngf6 6. Bd3 Nxe4 7. Bxe4 Nf6 8. Bd3 e6 9. O-O Bd6 10. Qe2 O-O 11. Bg5 h6 12. Bh4 Qc7 13. Bxf6 gxf6 14. Rae1 b6 15. Ne5 fxe5 16. dxe5 Bxe5 17. Qxe5 Qxe5 18. Rxe5 Rd8 19. f4 Rd5 20. Be4 Rxe5 21. fxe5 Ba6 22. Rd1 Rc8 23. Rd7 Bc4 24. b3 Bd5 25. Bd3 c5 26. Rxa7 Ra8 27. Rxa8+ Bxa8 28. Kf2 f6 29. g3 fxe5 30. Ke3 Bc6 31. Be4 Bd7 32. a3 Kf7 33. c3 b5 34. Kd3 Ke7 35. g4 Kd6 36. h4 Be8 37. g5 hxg5 38. hxg5 Bh5 39. a4 bxa4 40. bxa4 Be8 41. g6 Ke7 42. g7 Kf7 43. Bg6+ 1-0

[Event "Montreal Mercredi 08"]
[Site "Montreal CAN"]
[Date "2017.09.04"]
[Round "2"]
[White "Zumsteg, Nicolas"]
[Black "Beaulieu, Pierre"]
[Result "0-1"]
[WhiteElo "1811"]
[BlackElo "1829"]
[WhiteFideId "-1"]
[WhiteFideId "-1"]
[PlyCount "74"]
[GameId "2160767908347142"]
[EventDate "2017.08.30"]
[EventType "swiss"]
[EventRounds "5"]
[EventCountry "CAN"]
[SourceTitle "EXT 2022"]
[Source "ChessBase"]
[SourceDate "2021.10.06"]
[SourceVersion "1"]
[SourceVersionDate "2021.10.06"]
[SourceQuality "1"]

1. e4 b6 2. d4 Bb7 3. Nc3 e6 4. Bd3 Nf6 5. Nge2 c5 6. Bf4 a6 7. f3 cxd4 8. Nxd4 d6 9. Be3 Nbd7 10. Qd2 Ne5 11. Be2 Qc7 12. O-O-O Nc4 13. Bxc4 Qxc4 14. Nb3 Nd7 15. Qf2 Qc6 16. g4 Be7 17. h4 h5 18. f4 Nf6 19. Bxb6 Nxg4 20. Qg1 O-O 21. Na5 Qc8 22. Nxb7 Qxb7 23. e5 dxe5 24. fxe5 Rab8 25. Na4 Rfc8 26. b3 Qe4 27. c4 Qxe5 28. Bd4 Qf4+ 29. Kc2 e5 30. Re1 Bb4 31. Bc3 Qf5+ 32. Kc1 Bxc3 33. Nxc3 Qd3 34. Ne4 Rxc4+ 35. Kb2 Rxe4 36. Rd1 Re2+ 37. Ka3 Qb5 0-1

[Event "Montreal Mercredi 08"]
[Site "Montreal CAN"]
[Date "2017.09.06"]
[Round "2"]
[White "Baran, Marius"]
[Black "Vignalou, Joseph"]
[Result "1-0"]
[WhiteElo "1735"]
[BlackElo "1805"]
[WhiteFideId "-1"]
[WhiteFideId "-1"]
[PlyCount "41"]
[GameId "2160767908347143"]
[EventDate "2017.08.30"]
[EventType "swiss"]
[EventRounds "5"]
[EventCountry "CAN"]
[SourceTitle "EXT 2022"]
[Source "ChessBase"]
[SourceDate "2021.10.06"]
[SourceVersion "1"]
[SourceVersionDate "2021.10.06"]
[SourceQuality "1"]

1. e4 e5 2. Nf3 Nc6 3. d4 exd4 4. Bc4 Nf6 5. e5 d5 6. Bb5 Ne4 7. Nxd4 Bd7 8. Bxc6 bxc6 9. O-O Qh4 10. Be3 Be7 11. f3 Ng5 12. f4 Bg4 13. Qd3 Ne4 14. Nd2 Nxd2 15. Qxd2 Bd7 16. f5 O-O 17. Rae1 Rfd8 18. e6 Be8 19. exf7+ Bxf7 20. Nxc6 Bd6 21. g3 1-0

[Event "Montreal Mercredi 08"]
[Site "Montreal CAN"]
[Date "2017.09.06"]
[Round "2"]
[White "Johnson-Constantin, Mathieu"]
[Black "Have, Didier"]
[Result "0-1"]
[WhiteElo "2001"]
[BlackElo "1959"]
[WhiteFideId "-1"]
[WhiteFideId "-1"]
[PlyCount "56"]
[GameId "2160767908347145"]
[EventDate "2017.08.30"]
[EventType "swiss"]
[EventRounds "5"]
[EventCountry "CAN"]
[SourceTitle "EXT 2022"]
[Source "ChessBase"]
[SourceDate "2021.10.06"]
[SourceVersion "1"]
[SourceVersionDate "2021.10.06"]
[SourceQuality "1"]

1. e4 d6 2. d4 Nf6 3. f3 Nbd7 4. Be3 e5 5. d5 Be7 6. Ne2 O-O 7. c4 Nh5 8. Nbc3 Bg5 9. Bf2 Be7 10. Qc2 a6 11. Rc1 Nb8 12. a3 f5 13. b4 fxe4 14. Nxe4 Nd7 15. c5 Ndf6 16. cxd6 Bxd6 17. Nxd6 cxd6 18. Nc3 e4 19. fxe4 Ng4 20. Nd1 Bd7 21. Be2 Rxf2 22. Nxf2 Ne3 23. Qd2 Nxg2+ 24. Kf1 Nhf4 25. Bf3 Bb5+ 26. Kg1 Qg5 27. Qc3 Ne3+ 28. Ng4 Nh3# 0-1

[Event "Montreal Mercredi 08"]
[Site "Montreal CAN"]
[Date "2017.09.06"]
[Round "2"]
[White "Langlois-Remillard, Alexis"]
[Black "Lebeau, Gilbert"]
[Result "1-0"]
[WhiteElo "1975"]
[BlackElo "2049"]
[WhiteFideId "-1"]
[WhiteFideId "-1"]
[PlyCount "75"]
[GameId "2160767908347146"]
[EventDate "2017.08.30"]
[EventType "swiss"]
[EventRounds "5"]
[EventCountry "CAN"]
[SourceTitle "EXT 2022"]
[Source "ChessBase"]
[SourceDate "2021.10.06"]
[SourceVersion "1"]
[SourceVersionDate "2021.10.06"]
[SourceQuality "1"]

1. b3 e5 2. Bb2 Nc6 3. e3 Nf6 4. Bb5 Bd6 5. Na3 Na5 6. Be2 a6 7. c4 Qe7 8. Nb1 Nc6 9. Nc3 Ba3 10. Bxa3 Qxa3 11. Nf3 d6 12. O-O Bf5 13. d4 O-O 14. Nh4 Bd7 15. d5 Ne7 16. g4 h6 17. Kh1 b5 18. f4 Qc5 19. fxe5 dxe5 20. Rxf6 gxf6 21. Ne4 Qxe3 22. Nxf6+ Kg7 23. Ng2 Qg5 24. Nxd7 Rfd8 25. h4 Qg6 26. Nxe5 Qd6 27. Nf3 Ng6 28. Qd4+ f6 29. Ne3 Qf4 30. Nf5+ Kf7 31. h5 Qxd4 32. hxg6+ Kxg6 33. N3xd4 bxc4 34. bxc4 Re8 35. Kg2 Rab8 36. Rh1 Rb2 37. Rxh6+ Kg5 38. Kf3 1-0

[Event "Montreal Mercredi 08"]
[Site "Montreal CAN"]
[Date "2017.09.06"]
[Round "2"]
[White "Lopez Linares, Lizandro"]
[Black "Saha, Ananda"]
[Result "1/2-1/2"]
[WhiteElo "2199"]
[BlackElo "2116"]
[WhiteFideId "-1"]
[WhiteFideId "-1"]
[PlyCount "78"]
[GameId "2160767908347147"]
[EventDate "2017.08.30"]
[EventType "swiss"]
[EventRounds "5"]
[EventCountry "CAN"]
[SourceTitle "EXT 2022"]
[Source "ChessBase"]
[SourceDate "2021.10.06"]
[SourceVersion "1"]
[SourceVersionDate "2021.10.06"]
[SourceQuality "1"]

1. d4 d5 2. Nf3 Nf6 3. c4 e6 4. Nc3 Be7 5. Bf4 O-O 6. e3 b6 7. Rc1 Bb7 8. cxd5 Nxd5 9. Nxd5 Qxd5 10. Bc4 Bb4+ 11. Ke2 Qd8 12. Qc2 Bd6 13. Ne5 Nd7 14. Bb5 Nxe5 15. dxe5 Bc5 16. Rhd1 Qh4 17. Bg3 Qg5 18. Bd3 h5 19. Bh7+ Kh8 20. Be4 Ba6+ 21. Bd3 Bxd3+ 22. Qxd3 h4 23. Rh1 Rfd8 24. Qe4 Qh5+ 25. f3 h3 26. gxh3 a5 27. Rcd1 Qxh3 28. Qh4+ Qxh4 29. Bxh4 Rd5 30. f4 a4 31. Rd3 Ra5 32. Rhd1 Rb5 33. b3 axb3 34. axb3 c6 35. Kf3 Kh7 36. e4 Rxd3+ 37. Rxd3 Kg6 38. Kg4 Rb4 39. Kf3 Rd4 1/2-1/2

[Event "Montreal Mercredi 08"]
[Site "Montreal CAN"]
[Date "2017.09.06"]
[Round "2"]
[White "Millette, Sylvain"]
[Black "Chang, Alexander"]
[Result "0-1"]
[WhiteElo "1821"]
[BlackElo "1829"]
[WhiteFideId "-1"]
[WhiteFideId "-1"]
[PlyCount "100"]
[GameId "2160767908347148"]
[EventDate "2017.08.30"]
[EventType "swiss"]
[EventRounds "5"]
[EventCountry "CAN"]
[SourceTitle "EXT 2022"]
[Source "ChessBase"]
[SourceDate "2021.10.06"]
[SourceVersion "1"]
[SourceVersionDate "2021.10.06"]
[SourceQuality "1"]

1. Nf3 Nf6 2. g3 d5 3. Bg2 c5 4. O-O Nc6 5. d4 cxd4 6. Nxd4 e5 7. Nxc6 bxc6 8. c4 Bb7 9. Bg5 Be7 10. Qa4 Nd7 11. Bxe7 Qxe7 12. Rd1 Nb6 13. Qc2 Nxc4 14. b3 Nb6 15. Nc3 O-O 16. e3 Rac8 17. Rac1 Rfd8 18. Bh3 Rb8 19. Rd2 Bc8 20. Bg2 Ba6 21. Bf1 Bxf1 22. Kxf1 Rbc8 23. Rcd1 Qe6 24. Kg2 c5 25. Ne4 d4 26. Kg1 Qe7 27. Rc1 c4 28. bxc4 Rxc4 29. Qb1 Rxc1+ 30. Qxc1 Rc8 31. Rc2 Rxc2 32. Qxc2 dxe3 33. fxe3 g6 34. Qc6 Kg7 35. Nd6 Qd7 36. Qxd7 Nxd7 37. Kf2 f5 38. e4 Kf6 39. Ke3 Nc5 40. exf5 gxf5 41. Nc8 a6 42. Nb6 Ke6 43. Nc4 Ne4 44. g4 Nc3 45. gxf5+ Kxf5 46. a3 Nd5+ 47. Kf3 e4+ 48. Ke2 Kf4 49. Nb2 Nc3+ 50. Kd2 Nb1+ 0-1

[Event "Montreal Mercredi 08"]
[Site "Montreal CAN"]
[Date "2017.09.06"]
[Round "2"]
[White "Nesterov, Timour"]
[Black "Nardone, Raul"]
[Result "1-0"]
[WhiteElo "1898"]
[BlackElo "1845"]
[WhiteFideId "-1"]
[WhiteFideId "-1"]
[PlyCount "97"]
[GameId "2160767908347149"]
[EventDate "2017.08.30"]
[EventType "swiss"]
[EventRounds "5"]
[EventCountry "CAN"]
[SourceTitle "EXT 2022"]
[Source "ChessBase"]
[SourceDate "2021.10.06"]
[SourceVersion "1"]
[SourceVersionDate "2021.10.06"]
[SourceQuality "1"]

1. d4 f5 2. c4 e6 3. Nc3 Nf6 4. g3 d5 5. Bg2 c6 6. Nf3 Bd6 7. cxd5 cxd5 8. O-O Nc6 9. b3 a6 10. Bb2 O-O 11. Rc1 Bd7 12. Na4 b6 13. h3 Na5 14. Nc3 Nc6 15. e3 b5 16. Ne2 b4 17. Nf4 Na7 18. Nd3 Bb5 19. Re1 Bxd3 20. Qxd3 Nb5 21. Ne5 Ne4 22. Rc2 Nbc3 23. a3 a5 24. Kh2 Qg5 25. h4 Qh6 26. f3 Nc5 27. dxc5 Bxe5 28. f4 Bf6 29. Bxc3 bxc3 30. Rb1 Rab8 31. b4 axb4 32. axb4 Qh5 33. b5 Rfc8 34. c6 Qe8 35. Rcc1 Rb6 36. Bf3 Qe7 37. Kh3 Qc5 38. g4 g6 39. gxf5 gxf5 40. Rg1+ Kf7 41. Bh5+ Ke7 42. Be2 Rc7 43. Ra1 c2 44. Rac1 Qd6 45. Rxc2 Ra7 46. Rgc1 Rc7 47. Ra2 Kf7 48. Rg1 Qe7 49. Bh5+ 1-0

[Event "Montreal Mercredi 08"]
[Site "Montreal CAN"]
[Date "2017.09.06"]
[Round "2"]
[White "O'Connor, Michael"]
[Black "Gates, Claude-Eric"]
[Result "0-1"]
[WhiteElo "1758"]
[BlackElo "1796"]
[WhiteFideId "-1"]
[WhiteFideId "-1"]
[PlyCount "100"]
[GameId "2160767908347150"]
[EventDate "2017.08.30"]
[EventType "swiss"]
[EventRounds "5"]
[EventCountry "CAN"]
[SourceTitle "EXT 2022"]
[Source "ChessBase"]
[SourceDate "2021.10.06"]
[SourceVersion "1"]
[SourceVersionDate "2021.10.06"]
[SourceQuality "1"]

1. d4 Nf6 2. Nf3 g6 3. c4 Bg7 4. Nc3 O-O 5. e4 d6 6. Be2 e5 7. Be3 Nc6 8. d5 Ne7 9. b4 Nh5 10. Nd2 Nf4 11. Bf1 a5 12. a3 f5 13. f3 c6 14. Nb3 fxe4 15. fxe4 cxd5 16. cxd5 axb4 17. axb4 Bd7 18. g3 Qc7 19. gxf4 Qxc3+ 20. Bd2 Qc8 21. Bd3 Rxa1 22. Nxa1 exf4 23. O-O g5 24. Qh5 h6 25. Qd1 Bd4+ 26. Kh1 Be5 27. Qh5 Kg7 28. Rc1 Qd8 29. Be2 Ng6 30. Bg4 Bxg4 31. Qxg4 f3 32. Rf1 Qc7 33. Rxf3 Rxf3 34. Qxf3 Bxa1 35. Qf5 Qf7 36. Qh3 Be5 37. Bc3 Bxc3 38. Qxc3+ Ne5 39. Kg2 g4 40. Qc8 h5 41. b5 Qf3+ 42. Kg1 Qe3+ 43. Kf1 Qf4+ 44. Ke1 Qxe4+ 45. Kf1 Qf4+ 46. Ke1 Nf3+ 47. Kf2 Qd2+ 48. Kf1 Nxh2+ 49. Kg1 Nf3+ 50. Kf1 Qe1+ 0-1

[Event "Montreal Mercredi 08"]
[Site "Montreal CAN"]
[Date "2017.09.06"]
[Round "2"]
[White "Pomerantz, Daniel"]
[Black "Jacquet, Stephane"]
[Result "1-0"]
[WhiteElo "1978"]
[BlackElo "2023"]
[WhiteFideId "-1"]
[WhiteFideId "-1"]
[PlyCount "77"]
[GameId "2160767908347151"]
[EventDate "2017.08.30"]
[EventType "swiss"]
[EventRounds "5"]
[EventCountry "CAN"]
[SourceTitle "EXT 2022"]
[Source "ChessBase"]
[SourceDate "2021.10.06"]
[SourceVersion "1"]
[SourceVersionDate "2021.10.06"]
[SourceQuality "1"]

1. e4 d6 2. d4 Nf6 3. Nc3 g6 4. Nf3 Bg7 5. h3 O-O 6. Be3 c6 7. Qd2 b5 8. Bd3 Nbd7 9. O-O Qc7 10. Ne2 e5 11. dxe5 dxe5 12. a4 Rd8 13. axb5 cxb5 14. Qa5 Qxa5 15. Rxa5 a6 16. Nd2 Bb7 17. f3 Bf8 18. Nb3 Ne8 19. Raa1 Nc7 20. Rfd1 Ne6 21. Na5 Bc5 22. Kf2 Bxe3+ 23. Kxe3 Ndc5 24. Nxb7 Nxb7 25. Nc3 Nf4 26. Bf1 Rxd1 27. Rxd1 Rd8 28. Rxd8+ Nxd8 29. Nd5 Nde6 30. b4 Kg7 31. g3 Nxd5+ 32. exd5 Nd4 33. Bd3 Nf5+ 34. Bxf5 gxf5 35. g4 f4+ 36. Ke4 f6 37. g5 fxg5 38. Kxe5 h5 39. Kf5 1-0

[Event "Montreal Mercredi 08"]
[Site "Montreal CAN"]
[Date "2017.09.06"]
[Round "2"]
[White "Zheng, Richard"]
[Black "Cloutier, Mathieu"]
[Result "1-0"]
[WhiteElo "2053"]
[BlackElo "2142"]
[WhiteFideId "-1"]
[WhiteFideId "-1"]
[PlyCount "123"]
[GameId "2160767908347153"]
[EventDate "2017.08.30"]
[EventType "swiss"]
[EventRounds "5"]
[EventCountry "CAN"]
[SourceTitle "EXT 2022"]
[Source "ChessBase"]
[SourceDate "2021.10.06"]
[SourceVersion "1"]
[SourceVersionDate "2021.10.06"]
[SourceQuality "1"]

1. e4 c5 2. c4 g6 3. Nc3 Bg7 4. g3 e6 5. Bg2 Ne7 6. Nge2 O-O 7. O-O Nbc6 8. d3 Nd4 9. Nxd4 Bxd4 10. Be3 Nc6 11. Qd2 d6 12. f4 Qb6 13. Nb5 Bxe3+ 14. Qxe3 Rd8 15. b3 a6 16. Nc3 Nd4 17. Rac1 Bd7 18. e5 Bc6 19. Bxc6 Qxc6 20. Ne4 dxe5 21. fxe5 Nf5 22. Nf6+ Kg7 23. Qg5 h6 24. Qf4 Rd4 25. Qf2 Qc7 26. Rce1 Rxd3 27. Ne4 Nd4 28. Qf6+ Kg8 29. Qf4 Nf5 30. g4 g5 31. Qf2 Nh4 32. Qf6 Ng6 33. Ng3 Qe7 34. Qxe7 Nxe7 35. Ne4 b6 36. Nd6 Rf8 37. Rf6 Ng6 38. Nxf7 Kg7 39. Ref1 Nf4 40. Nd6 Rxf6 41. Ne8+ Kf7 42. Nxf6 Re3 43. Nh5 Re4 44. Nxf4 Rxf4 45. Rxf4+ gxf4 46. Kf2 Kg6 47. h4 h5 48. Kf3 hxg4+ 49. Kxg4 f3 50. Kxf3 Kf5 51. Kg3 Kxe5 52. h5 Kf5 53. h6 Kg6 54. Kf4 b5 55. Ke5 bxc4 56. bxc4 Kxh6 57. Kxe6 Kg6 58. Kd5 Kf5 59. Kxc5 Ke5 60. Kb6 Kd6 61. c5+ Kd7 62. c6+ 1-0

[Event "Montreal Mercredi 08"]
[Site "Montreal CAN"]
[Date "2017.09.13"]
[Round "3"]
[White "Beaulieu, Pierre"]
[Black "Nesterov, Timour"]
[Result "0-1"]
[WhiteElo "1829"]
[BlackElo "1898"]
[WhiteFideId "-1"]
[WhiteFideId "-1"]
[PlyCount "68"]
[GameId "2160767908347154"]
[EventDate "2017.08.30"]
[EventType "swiss"]
[EventRounds "5"]
[EventCountry "CAN"]
[SourceTitle "EXT 2022"]
[Source "ChessBase"]
[SourceDate "2021.10.06"]
[SourceVersion "1"]
[SourceVersionDate "2021.10.06"]
[SourceQuality "1"]

1. b3 e5 2. Bb2 Nc6 3. e3 d5 4. Nf3 Bd6 5. Bb5 Qe7 6. d4 e4 7. Ne5 Bd7 8. Nxd7 Qxd7 9. Nd2 a6 10. Be2 Nce7 11. a3 f5 12. c4 c6 13. g3 Nf6 14. h3 O-O 15. Qc2 Rac8 16. c5 Bc7 17. b4 a5 18. Nb3 axb4 19. axb4 Ra8 20. Rb1 Qe8 21. Bc3 Qg6 22. Bd1 Qh6 23. Qe2 g5 24. Bd2 Ng6 25. Qf1 f4 26. exf4 gxf4 27. Qg1 e3 28. fxe3 fxe3 29. Bxe3 Rfe8 30. Kd2 Ra2+ 31. Kd3 Qg7 32. Bf3 Ne7 33. Rh2 Qg6+ 34. Kc3 Rxh2 0-1

[Event "Montreal Mercredi 08"]
[Site "Montreal CAN"]
[Date "2017.09.13"]
[Round "3"]
[White "Chang, Alexander"]
[Black "Zumsteg, Nicolas"]
[Result "1/2-1/2"]
[WhiteElo "1829"]
[BlackElo "1811"]
[WhiteFideId "-1"]
[WhiteFideId "-1"]
[PlyCount "102"]
[GameId "2160767908347155"]
[EventDate "2017.08.30"]
[EventType "swiss"]
[EventRounds "5"]
[EventCountry "CAN"]
[SourceTitle "EXT 2022"]
[Source "ChessBase"]
[SourceDate "2021.10.06"]
[SourceVersion "1"]
[SourceVersionDate "2021.10.06"]
[SourceQuality "1"]

1. e4 e5 2. Nf3 Nf6 3. Nxe5 d6 4. Nf3 Nxe4 5. Nc3 Nxc3 6. dxc3 Be7 7. Bc4 Be6 8. Bxe6 fxe6 9. Nd4 Qd7 10. Qg4 e5 11. Qxg7 Rf8 12. Nf3 Qf5 13. O-O Nc6 14. Bg5 Rf7 15. Qh6 O-O-O 16. Bxe7 Nxe7 17. Ng5 Rf6 18. Qh3 Rg8 19. Qxf5+ Nxf5 20. Ne4 Rfg6 21. Ng3 Ng7 22. f3 h5 23. Rf2 h4 24. Ne4 Nf5 25. Re2 Ne3 26. g3 hxg3 27. hxg3 Nf5 28. g4 d5 29. Nd2 e4 30. Kf2 exf3 31. Nxf3 Rxg4 32. Rg1 Rxg1 33. Nxg1 Kd7 34. Re5 Ne7 35. Nf3 Kd6 36. Rh5 Rg6 37. Ke3 c5 38. Rg5 Rh6 39. b3 b5 40. b4 c4 41. Nd4 a6 42. Nf5+ Nxf5+ 43. Rxf5 Re6+ 44. Kd2 Kc6 45. Rf7 Rh6 46. Ke3 Rh2 47. Rf6+ Kc7 48. Rf7+ Kd6 49. Rf2 Rh3+ 50. Rf3 Rh2 51. Rf2 Rh3+ 1/2-1/2

[Event "Montreal Mercredi 08"]
[Site "Montreal CAN"]
[Date "2017.09.13"]
[Round "3"]
[White "Gates, Claude-Eric"]
[Black "Autotte, Daniel"]
[Result "1-0"]
[WhiteElo "1796"]
[BlackElo "1729"]
[WhiteFideId "-1"]
[WhiteFideId "-1"]
[PlyCount "67"]
[GameId "2160767908347157"]
[EventDate "2017.08.30"]
[EventType "swiss"]
[EventRounds "5"]
[EventCountry "CAN"]
[SourceTitle "EXT 2022"]
[Source "ChessBase"]
[SourceDate "2021.10.06"]
[SourceVersion "1"]
[SourceVersionDate "2021.10.06"]
[SourceQuality "1"]

1. e4 c6 2. d4 d5 3. Nc3 dxe4 4. Nxe4 Nd7 5. Ng5 Ngf6 6. Bd3 e6 7. N1f3 Bd6 8. Qe2 Qe7 9. O-O h6 10. Ne4 Nxe4 11. Qxe4 Nf6 12. Qe2 O-O 13. c4 c5 14. Be3 b6 15. h3 Bb7 16. Rac1 Qc7 17. Rfd1 Rad8 18. Bb1 Rd7 19. dxc5 bxc5 20. Rd2 Rfd8 21. Rcd1 Bc6 22. Ne1 Qb7 23. Qf1 Be5 24. Rxd7 Rxd7 25. Rxd7 Nxd7 26. Qd3 Qxb2 27. Bxc5 f5 28. Be3 Be4 29. Qxd7 Qxb1 30. Qxe6+ Kh7 31. Qxe5 Qxe1+ 32. Kh2 Qf1 33. f3 Bb1 34. Bd4 1-0

[Event "Montreal Mercredi 08"]
[Site "Montreal CAN"]
[Date "2017.09.13"]
[Round "3"]
[White "Jacquet, Stephane"]
[Black "Have, Didier"]
[Result "0-1"]
[WhiteElo "2023"]
[BlackElo "1959"]
[WhiteFideId "-1"]
[WhiteFideId "-1"]
[PlyCount "50"]
[GameId "2160767908347158"]
[EventDate "2017.08.30"]
[EventType "swiss"]
[EventRounds "5"]
[EventCountry "CAN"]
[SourceTitle "EXT 2022"]
[Source "ChessBase"]
[SourceDate "2021.10.06"]
[SourceVersion "1"]
[SourceVersionDate "2021.10.06"]
[SourceQuality "1"]

1. d4 Nf6 2. c4 g6 3. Nc3 Bg7 4. e4 d6 5. Nf3 O-O 6. Be2 e5 7. O-O Nc6 8. d5 Ne7 9. Ne1 Nd7 10. Be3 f5 11. f3 f4 12. Bf2 g5 13. Rc1 Rf6 14. Nd3 Rh6 15. c5 Qe8 16. g4 fxg3 17. Bxg3 Nf6 18. cxd6 cxd6 19. Qd2 Nh5 20. Be1 Ng6 21. Kh1 Ngf4 22. Nxf4 gxf4 23. Rg1 Nf6 24. Nb5 Rxh2+ 25. Kxh2 Qh5+ 0-1

[Event "Montreal Mercredi 08"]
[Site "Montreal CAN"]
[Date "2017.09.13"]
[Round "3"]
[White "Jean, Robert"]
[Black "Vignalou, Joseph"]
[Result "0-1"]
[WhiteElo "1788"]
[BlackElo "1805"]
[WhiteFideId "-1"]
[WhiteFideId "-1"]
[PlyCount "64"]
[GameId "2160767908347159"]
[EventDate "2017.08.30"]
[EventType "swiss"]
[EventRounds "5"]
[EventCountry "CAN"]
[SourceTitle "EXT 2022"]
[Source "ChessBase"]
[SourceDate "2021.10.06"]
[SourceVersion "1"]
[SourceVersionDate "2021.10.06"]
[SourceQuality "1"]

1. d4 Nf6 2. c4 e6 3. Nc3 Bb4 4. e3 O-O 5. Nge2 d5 6. a3 Be7 7. Ng3 b6 8. cxd5 exd5 9. Bd3 c5 10. O-O Ba6 11. Re1 Bxd3 12. Qxd3 c4 13. Qc2 Re8 14. b3 Nc6 15. bxc4 dxc4 16. Bb2 Rc8 17. Rad1 a6 18. Qf5 g6 19. Qb1 b5 20. Nce4 Nd5 21. Nc3 Nxc3 22. Bxc3 Bxa3 23. d5 Ne5 24. Qa1 Bd6 25. Qxa6 Nd3 26. Re2 b4 27. Bd4 Qc7 28. Rxd3 cxd3 29. Qxd3 Qc1+ 30. Nf1 Qc4 31. Qxc4 Rxc4 32. f3 Rxd4 0-1